Movimientos en blanco y negro : Historia, literatura y Arte en el Ajedrez Argentino : Contribuciones de Martín Kohan (Registro nro. 750)
[ vista simple ]
| 000 -CABECERA | |
|---|---|
| fixed length control field | 00699nam a2200217Ia 4500 |
| 003 - CONTROL NUMBER IDENTIFIER | |
| control field | AR-BeUNQ |
| 005 - FECHA Y HORA DE LA ULTIMA TRANSACCION | |
| control field | 20240429172940.0 |
| 008 - ELEMENTOS DE LONGITUD FIJA-INFORMACION GENERAL | |
| fixed length control field | 221202s9999 xx 000 0 und d |
| 020 ## - NUMERO INTERNACIONAL NORMALIZADO PARA LIBROS | |
| Número Internacional Normalizado del libro | 9789877280913 |
| 040 ## - FUENTE DE CATALOGACION | |
| Agencia de catalogación original | AR-BeUNQ |
| Idioma de catalogación | ESPAÑOL |
| Convenciones de la descripción | aacr |
| Agencia que realiza la transcripción | AR-BeUNQ |
| 082 ## - NUMERO DE CLASIFICACION DECIMAL DEWEYMBER | |
| Número de la edición | 21 |
| Número de clasificación | 782 |
| 245 #0 - MENCION DE TITULO | |
| Título | Movimientos en blanco y negro : Historia, literatura y Arte en el Ajedrez Argentino : Contribuciones de Martín Kohan |
| 250 ## - MENCION DE EDICION | |
| Mención de edición | 1a.ed |
| 260 ## - PUBLICACION, DISTRIBUCION, ETC. | |
| Lugar de publicación, distribución, etc. | CABA : |
| Nombre del editor, distribuidor, etc. | Biblioteca Nacional, |
| Fecha de publicación, distribución, etc | 2017 |
| 300 ## - DESCRIPCION FISICA | |
| Extensión | 104 p. ; |
| Otros detalles físicos | il. ; |
| Dimensiones | 27 x 20 cm |
| 653 ## - TERMINO DE INDIZACION - NO CONTROLADO | |
| Término de indización no controlado | Español |
| 653 ## - TERMINO DE INDIZACION - NO CONTROLADO | |
| Término de indización no controlado | Formación Docente |
| 700 ## - ASIENTO SECUNDARIO - NOMBRE DE PERSONA | |
| Personal name | Manguel, Alberto |
| 929 ## - DATOS DE ADQUISICION | |
| Proveedor | Biblioteca Nacional |
| Fecha de recibido | 2022 |
| Procedencia | DONACION |
| Precio | 0 |
| Número de inventario | 60293 |
| Patrimonio UNQ | PAT0081679 |
| 942 ## - ELEMENTOS DE PUNTO DE ACCESO ADICIONAL (KOHA) | |
| Tipo de ítem Koha | Libros |
| Suppress in OPAC | 0 |
| Estado de retiro | Estado de pérdida | Ubicación permanente | Ubicación actual | Fecha de ingreso | Signatura topográfica completa | Inventario | Date last seen | Tipo de ítem Koha | Operador |
|---|---|---|---|---|---|---|---|---|---|
| Biblioteca ESET - UNQ | Biblioteca ESET - UNQ | 02/12/2022 | 708 MOV | 60293 | 02/12/2022 | Libros | Gladys Alarcon |